[Event "Asian Indoor Games 5th"]
[Site "Ashkhabad"]
[Date "2017.09.21"]
[Round "2"]
[White "Annaberdiev, Meilis"]
[Black "Le, Quang Liem"]
[Result "0-1"]
[WhiteElo "2496"]
[BlackElo "2739"]
[Annotator "Sadorra,J"]
[PlyCount "154"]
[EventDate "2017.09.21"]
[EventType "swiss"]
[EventRounds "7"]
[EventCountry "TKM"]
[SourceTitle "CBM 181"]
[Source "ChessBase"]
[SourceDate "2017.11.10"]
[SourceVersion "1"]
[SourceVersionDate "2017.11.10"]
[SourceQuality "1"]

1. e4 c5 2. Nf3 e6 3. d4 cxd4 4. Nxd4 Nc6 5. Nc3 Qc7 6. g3 a6 7. Bg2 Nf6 8. O-O
h5 $5 {This is currently the trendiest line in the g3-variation of the
Taimanov Sicilian. In fact another top grandmaster played it a week later (see
the game under the option to White's next move). Its idea is to quickly create
counterplay or at least provoke a weakening on White's kingside.} 9. Re1 ({
Another logical way to react is to stop h5-h4 but it also has a downside:} 9.
Nf3 d6 {but now White has one piece less in the centre.} 10. Bg5 Be7 11. Qe2
Bd7 (11... b5 $5 12. Rad1 Bb7 13. Nd5 $2 exd5 14. exd5 Na5 15. Bxf6 gxf6 16. b3
Kf8 $17 {0-1 (66) Gulamali,K (2349)-Popilski,G (2529) Las Vegas 2015}) 12. Rad1
Rc8 13. Rd2 Ne5 14. Nxe5 dxe5 $132 15. Rfd1 Bc6 16. h4 O-O $1 17. Bxf6 Bxf6 18.
Qxh5 Qb6 $44 19. b3 Qa5 20. Rd3 b5 $36 {0-1 (26) Srbis,J (2421)-Cheparinov,I 
(2695) Mali Losinj CRO 2017}) 9... Nxd4 10. Qxd4 Bc5 11. Bf4 d6 12. Qd2 e5 $5
$146 ({All games played before this continued} 12... Ng4 13. Re2 (13. Rf1) (13.
Nd1) 13... Ne5 {where both sides have equal chances.}) 13. Be3 Be6 {The most
principled follow up to ...e5.} ({Also worth considering is} 13... h4 $5) 14.
Bxc5 Qxc5 15. Rad1 Rd8 16. a3 $6 {I'm not sure what this does to stop Black's
main plan.} ({I think it's better to keep the h-file open so as not to allow
the activation of Black's rook.} 16. h3 h4 17. g4 {Now Black cannot easily
exploit f4 due to White's quick plan of attacking d6.} Nh7 $6 (17... b5 18. a3)
18. Re3 Nf8 19. Rd3 $16 Ke7 20. Nd5+ $40) (16. Nd5 Bxd5 17. exd5 h4 {leads to
something similar to what is in the game.}) 16... h4 $36 17. Nd5 ({Pressuring
d6 first also doesn't help:} 17. Re3 hxg3 18. hxg3 Rh6 (18... Ng4 $5 19. Rd3
Bc4 20. Rf3 Nh2 21. Re3 Ng4 {is at least a draw.}) (18... Ke7 19. Nd5+ Bxd5 20.
exd5) 19. Rd3 Ke7 {It's hard to see a way for White to continue his plan.})
17... Bxd5 18. exd5 Rc8 19. Rc1 hxg3 20. hxg3 b5 {This prevents c4.} (20... Qc4
$5 {Stopping c4 and planning to shift the queen to the h-file, but it allows
White counterplay after} 21. Re3 (21. b3 Qc3) 21... Qg4 22. c4 $1 {Still!} Rxc4
(22... Qh5 $2 23. Qb4 $36 {[%csl Rb7,Rd6]}) 23. Rxc4 Qxc4 24. Rc3 Qg4 25. Rc7
$132 b5 26. Rc6) 21. Re3 ({It was better to create active counterplay with} 21.
Qa5 $1 Ng4 (21... Qa7 22. a4 $1 (22. c4 bxc4 23. Qa4+ Ke7 24. Rxc4 Rxc4 25.
Qxc4 a5 26. b4 $11) 22... Qb7 (22... bxa4 23. Qxa4+ Ke7 (23... Nd7 24. c4 O-O
25. Qa3 $36) 24. c4 $36) 23. Qb4 $1 $14) 22. Re2 O-O 23. Qxa6 f5 $44 {This
idea seems to be most logical as it exploits White's queen's disconnection
with the rest of its army.}) 21... Qb6 22. c4 O-O ({If} 22... bxc4 23. Rec3 Qb5
(23... O-O 24. Rxc4 Rxc4 25. Rxc4 $14 {[%csl Rc6][%cal Gc1c8]}) 24. Qe2 (24. b3
O-O 25. Rxc4 Rxc4 26. bxc4 Qc5 $15) 24... O-O 25. Rxc4 $14 {Liem most probably
didn't like giving control of the c-file to White and this indeed is
unpleasant to play as Black also due to lack of clear counterplay.}) 23. Rec3
e4 $5 {Black disconnects the bishop from the d5-pawn, anticipating the
eventual trade of the pawn on c4. Still it's a positionally double-edged
decision because it also risks dropping the e4 pawn.} 24. cxb5 $6 ({The best
way to challenge Black's idea is to keep the tension and let Black take on c4!
} 24. b4 $1 bxc4 25. Rxc4 Rxc4 26. Rxc4 Qb5 (26... Re8 $142 27. Rc6 {But even
here it seems easier to play White.}) 27. Qc2 $1 Qxd5 (27... e3 28. fxe3 Nxd5
$4 29. a4 Qb7 30. Qd2 $18) 28. Bxe4 Nxe4 29. Rxe4 $14) 24... Rxc3 25. Rxc3 Qxb5
26. Rc6 {It's an OK move, but it allows Black to reach a safe position where
only he can create some pressure.} (26. Bf1 $5 Qd7 $1 27. Bxa6 Qf5 (27... Qh3
28. Bf1 Qf5 29. a4 $14 {and I think White's pawn will be faster than Black's
kingside attack.} (29. Rc6 $14)) 28. Qf4 (28. Bc4 Ng4 $132 {[%cal Gg4e5,Ge5f3]}
) (28. Be2 Nxd5 29. Rb3 e3 $1 30. fxe3 Re8 $132) 28... Qxd5 29. Be2 $1 {
[%csl Gg4,Gh5] controlling Black's attacking squares} (29. Bf1 Qh5 $1 {[%cal
Gf6g4]} 30. Qh4 Qd1 $36) 29... Re8 $13 {Both sides are still trying to
coordinate their respective armies and will try to also carefully push forward
their pawns.}) 26... Qd3 $1 27. Qxd3 exd3 28. Rc3 (28. Rc4 Rb8 29. b4 d2 {
leads to the same thing.}) 28... Rb8 29. b4 (29. Rxd3 $6 Rxb2 $15 {Black has a
simple plan of transferring his knight to c5/c4, pushing his pawn on a5/a4
then attacking the a3-pawn.}) 29... d2 30. Rd3 a5 $1 {It's possible that White
missed this.} 31. Rxd2 axb4 32. axb4 Rxb4 {This is the "plus-equals" position
that I was referring to. With a better minor piece and a target on d5, only
Black can win such a position.} 33. Bf3 Nd7 34. Kg2 Ne5 35. Be2 g5 $1 {This is
known as a pawn cramp (kingside or queenside), an idea which I fondly remember
Karpov using to win even equal endings! In this case not only does it cramp
White's pawns but also secures e5 as an outpost for the knight.} 36. f3 Kg7 {
Now in the next several moves, Black patiently and gradually improves his
position.} 37. Kf2 Kf6 38. Ke3 Rb3+ 39. Kf2 Rb4 40. Ke3 Ng6 41. Rd4 Rb3+ 42.
Kf2 Rb2 43. f4 gxf4 44. gxf4 Nh4 $1 {[%csl Rd5,Rf3,Rf4][%cal Gh4f5,Rf5d4,Rf5e3]
White is almost in a zugzwang!} 45. Rd3 (45. Kf1 Nf5 46. Rd3 Rb4 $17) (45. Re4
Rd2 $17 {[%csl Rd5]}) (45. Ke1 Nf5 46. Rd2 (46. Re4 Ng3 47. Re3 Nxe2 48. Rxe2
Rb5 (48... Rb4) 49. Rd2 Rb4 50. Rf2 Kf5 $17) 46... Rb4 $17) 45... Rb4 46. Kg3
Nf5+ 47. Kg4 Nh6+ (47... Ne7 $142 {[%csl Rd5,Rf4][%cal Ge7g6]} 48. Kg3 Ng6 {
Here it's most likely that White will not find the best defence otb} 49. Bh5 $1
(49. Rf3 Rd4) 49... Kf5 $1 (49... Nxf4 50. Rf3 Ke5 51. Re3+ Kxd5 52. Bxf7+ $11)
50. Ra3 (50. Bg4+ Ke4) 50... Rd4 $15 {But Black can still keep pressing.}) 48.
Kg3 Kf5 $6 49. Rd1 $1 {A strong defensive resource} Kf6 ({White's main idea is
} 49... Rxf4 $2 50. Rh1 Ng8 51. Bd3+ Kg5 (51... Ke5 $4 52. Re1+) 52. Rh5+ Kxh5
53. Kxf4 Ne7 54. Be4 $11) 50. Rd3 $2 (50. Kf3 Nf5 51. Bd3) (50. Bd3 Nf5+ 51.
Kf3) 50... Re4 51. Bg4 Nf5+ 52. Kf3 (52. Bxf5 Kxf5 {and one of the pawns will
drop.} 53. Rf3 Rd4 $17) 52... Rb4 53. Ra3 Rd4 54. Ra7 Rd3+ $1 {An important
intermediate check to push back the enemy king.} (54... Rxd5 55. Rd7) 55. Ke2
Rxd5 56. Bxf5 Rxf5 57. Ra6 Ke6 58. Kf3 Rb5 59. Kg4 Rb8 60. Ra5 Rd8 61. f5+ $1
Ke7 (61... Kf6 62. Rd5) 62. Kf4 (62. Rd5 Rc8 {[%cal Gc8c5]}) 62... Rd7 63. Ra1
Rc7 64. Ra6 Rc1 {Objectively, this is a drawn rook ending but without a second
time-control the players are most probably low on time here and more mistakes
started to creep in.} 65. Ra7+ $6 (65. Kg5 Rg1+ 66. Kf4) (65. Rb6) 65... Kf6
66. Rd7 Rd1 67. Ke4 Rd2 68. Ke3 Rd5 69. Ke4 Re5+ 70. Kd4 Re1 $1 ({Or} 70... Re7
$1 71. Rxd6+ (71. Rd8 Kxf5) 71... Kxf5) 71. Rxd6+ ({A more stubborn try was} 
71. Kd3 $5 {but Black can still win with} d5 $1 72. Kd4 Rf1 73. Rd6+ Kxf5 74.
Rxd5+ Kf4 $19) 71... Kxf5 72. Ra6 Kg5 73. Kd3 f5 {Black has a theoretically
won position.} 74. Kd2 Re5 75. Ra1 Kg4 76. Rg1+ Kh3 77. Rh1+ Kg3 {An
interesting opening idea by Liem in the Sicilian Taimanov g3-Variation,
followed by a complex middlegame where he took some risks to later obtain a
very pleasant endgame. This win gave Liem a strong start to the classical
event of the Asian Indoor Games.} 0-1

[Event "ESP-chT CECLUB Honor"]
[Site "Linares"]
[Date "2017.08.19"]
[Round "6.4"]
[White "Safarli, Eltaj"]
[Black "Bachmann, Axel"]
[Result "1-0"]
[WhiteElo "2633"]
[BlackElo "2648"]
[Annotator "Safarli,E"]
[PlyCount "71"]
[EventDate "2017.08.14"]
[EventType "team-tourn"]
[EventRounds "7"]
[EventCountry "ESP"]
[SourceTitle "CBM 180 Extra"]
[Source "ChessBase"]
[SourceDate "2017.10.06"]
[SourceVersion "1"]
[SourceVersionDate "2017.10.06"]
[SourceQuality "1"]
[WhiteTeam "Barcelona Escola Escacs"]
[BlackTeam "Equigoma Social Catolica"]
[WhiteTeamCountry "ESP"]
[BlackTeamCountry "ESP"]

1. e4 c5 2. Nf3 e6 3. d4 cxd4 4. Nxd4 Nc6 5. Nc3 Qc7 6. g3 a6 7. Bg2 Nf6 8. O-O
h5 $5 {Interesting but quite risky line for Black. I have played this line
myself with Black and since then I didn't repeat it again because felt that it
can be very dangerous for Black.} 9. h3 Nxd4 $6 {First innacurancy. Black
should have played} (9... Bc5 10. Be3 (10. Nxc6 dxc6 11. Na4 Ba7 12. c4 $2 {
Now White is not on time to push c4-c5 because of} Qxg3 $17 {that is the
difference between h2-h7 and h3-h5 pawns}) 10... d6 $13 {with unclear position}
11. Qd2 Ne5 12. b3 h4 13. f4 Ng6 14. g4 e5 15. fxe5 dxe5 16. Nf5 Bxf5 17. exf5
Nf4 18. Rae1 Rd8 19. Qf2 Nxg2 20. Bxc5 Nxe1 21. Rxe1 {1/2-1/2 (21) Sutovsky,E 
(2665)-Safarli,E (2603) Baku 2010}) 10. Qxd4 Bc5 11. Bf4 d6 12. Qd2 {in the
main line, without 8...h5, here Black plays h6 and after Rad1 e5 Be3 Be6 it is
an old fashion theory with many games played. But now in this case with pawn
on h5, it is of course in White's favor} h4 (12... e5 13. Bg5) 13. g4 e5 14.
Bg5 Be6 15. Kh1 $2 {Interesting but not the best. For some reason, I didn't
want to go for opposite colored middlegame, and probably I was wrong!} (15.
Bxf6 $1 gxf6 16. Nd5 Bxd5 17. Qxd5 $14 {[%cal Gc2c3,Ga2a4,Gb2b4] White is
simply better because Black cannot create any attack to White's king, look at
his pawn structure, and White gonna slowly push his queenside pawns. Position
is very unpleasant for Black}) 15... Bd4 (15... Nh7 $1 {This idea I just seen
right after I played dubious 15.Kh1} 16. Nd5 {The only move which is equalizing
} (16. Be3 Bxe3 17. Qxe3 f6 $36 {and here I would choose Black pieces}) (16.
Bxh4 $2 Nf8 $1 17. Bg3 Bxg4 $17) 16... Bxd5 17. exd5 Nxg5 18. Qxg5 Qe7 19.
Qxe7+ Kxe7 20. f4 $11) 16. Nd1 $1 $36 {very important move. White is preparing
Bg5-e3} Nd7 17. Be3 Bc5 18. a4 $1 {getting more space and preparing b4 to
force Black to take on e3} Rc8 19. b4 Bxe3 20. Nxe3 {and now we can see that
Black is in trouble because of his weak king on the centre and his weaknesses
on king side (thanks to h4 pawn). Also Black's gonna lose his d6 pawn soon, so
that's why my opponent tried} Qc3 21. Qxd6 Rc6 22. Qd1 Qxb4 23. Rb1 Qxa4 24.
Rxb7 $16 {material is even but one more piece - White's rook is in the game!}
Rc5 25. Nf5 O-O 26. Ne7+ Kh7 27. Qd2 $1 {[%cal Gd2g5]} g6 28. Qg5 Qd4 29. Nf5
$1 $18 Bxf5 30. exf5 Re8 31. fxg6+ fxg6 32. Qf6 Kg8 33. Qxg6+ Kf8 34. Qh6+ Kg8
35. Qg5+ Kf8 36. f4 1-0

[Event "GBR-ch 102nd"]
[Site "Coventry"]
[Date "2015.08.07"]
[Round "11"]
[White "Hawkins, Jonathan J"]
[Black "Arkell, Keith C"]
[Result "1-0"]
[WhiteElo "2554"]
[BlackElo "2502"]
[Annotator "Sagar Shah"]
[PlyCount "52"]
[EventDate "2015.07.27"]
[EventType "swiss"]
[EventRounds "11"]
[EventCountry "ENG"]
[SourceTitle "CBM 167 Extra"]
[Source "ChessBase"]
[SourceDate "2015.09.14"]
[SourceVersion "1"]
[SourceVersionDate "2015.09.14"]
[SourceQuality "1"]

{Jonathon is a committed 1.d4 player. Out of his 203 games with the white
pieces, he has opened in 163 of them with 1.d4. It is a very interesting
psychological decision for him to go 1.e4 in such a crucial game.} 1. e4 c5 2.
Nf3 e6 3. d4 cxd4 4. Nxd4 Nc6 5. Nc3 Qc7 6. f4 {This line with 6.f4 is a very
respectable way to meet the Taimanov and is one of the main weapons of Mickey
Adams.} a6 7. Nxc6 Qxc6 (7... bxc6 {is also possible.}) 8. Bd3 b5 9. Qe2 (9.
O-O $6 {would be an inaccurate move order because after} Bb7 10. Qe2 {Black
can now develop with} Nf6 11. e5 b4 $1 $11 {Hence it makes more sense to first
play Qe2 and Bd2 and keep the option of 0-0 or 0-0-0 open.}) 9... Bb7 10. Bd2
Be7 (10... Nf6 $6 11. e5 Nd5 (11... b4 12. exf6 bxc3 13. Bxc3 $14) 12. Be4 Qc5
13. O-O-O $14) (10... Bc5 {followed by Ne7 is the main way to play.}) 11. a3
Rb8 $6 {A curious move! Why did Arkell make such move with his rook when he
could have placed it on a clearly superior square on c8. Your guess is as good
as mine.} 12. O-O (12. O-O-O $1 {would have been in the spirit of the position.
}) 12... Nf6 13. e5 Nd5 14. f5 $5 (14. Nxd5 Qxd5 15. b4 $1 $14 {with the
threat of c4 takes full advantage of the rook on b8 instead of c8.}) 14... Nxc3
(14... exf5 15. Bxf5 g6 16. Bg4 O-O 17. Nxd5 Qxd5 18. Bc3 $14 {White is
slightly better thanks to his better structure and pieces but it's not too far
away from equality.}) 15. Bxc3 g6 16. fxe6 $6 (16. f6 $5 Bc5+ 17. Kh1 O-O 18.
Rae1 $16 {gives White a dominating position.}) 16... dxe6 17. Bb4 Bxb4 18. axb4
O-O $11 {The position is round about equal at this point.} 19. Rf4 Rbd8 20. Qf2
Qc7 21. Re1 Rd5 22. Qe3 Qe7 23. Rg4 h5 $6 {There was no need to voluntarily
weaken the g6 square when there is bishop shooting there.} (23... Rfd8 $142 24.
Rf4 (24. Qh6 $2 Rd4 $1 $17) 24... R8d7 25. Ref1 Qd8 $11 {would have been the
ideal formation for defence.}) 24. Rf4 Rfd8 25. Ref1 {Black is just one tempo
too slow to setup a defense with Rd7 followed by removing the queen.} Qg5 26.
Qf2 R5d7 ({It's surprising that Arkell resigned so soon. But his position is
definitely pretty bad at this point.} 26... R5d7 27. h4 $1 (27. Rxf7 $2 Bxg2 $1
28. Rf8+ Kg7 29. Rf7+ Kg8 30. h4 $5 Bxf1+ $1 31. hxg5 Rxf7 32. Qb6 $11) 27...
Qe7 28. Qg3 Qe8 29. Rf6 $18 {White's attack develops like clockwork and it is
extremely difficult to defend as Black.}) 1-0

[Event "Passau op 4th"]
[Site "Passau"]
[Date "1996.??.??"]
[Round "7"]
[White "Dolmatov, Sergey"]
[Black "Fogarasi, Tibor"]
[Result "1-0"]
[WhiteElo "2610"]
[BlackElo "2500"]
[Annotator "Schlosser,P"]
[PlyCount "75"]
[EventDate "1996.04.??"]
[EventType "swiss"]
[EventRounds "7"]
[EventCountry "GER"]
[SourceTitle "CBM 052"]
[Source "ChessBase"]
[SourceDate "1996.06.01"]
[SourceVersion "1"]
[SourceVersionDate "1996.06.01"]
[SourceQuality "1"]

1. e4 c5 2. Nf3 Nc6 3. d4 cxd4 4. Nxd4 e6 5. Nc3 Qc7 6. Be2 a6 7. O-O b5 $6 {
Schwarz spielt ein strategisch zweifelhaftes System und Weiß wird eine dieser
scheinbar einfachen Partien gewinnen, die jedoch sehr schwer zu spielen sind.
Was mir an dieser Partie besonders gut gefällt, ist wie Dolmatov ruhige Züge
mit kleinen taktischen Schlägen mischt. Wenn Sie Lust haben, sich auf die
Probe zu stellen, schlage ich Ihnen vor, die Partienotation nun auf
Trainingsmodus umzustellen und selbst die Züge Dolmatov's zu finden! Dabei
sollten Sie vielleicht sogar Ihre Kandidatenzüge, Varianten und
Stellungsbeurteilungen jeweils eingeben, ehe Sie in der Partie weiter gehen!?}
8. Nxc6 dxc6 9. f4 Bb7 10. Be3 Rd8 11. Qe1 Be7 12. Qg3 g6 13. Bf3 {Natürlich
hatte Schwarz nur auf die Schablone e5 gewartet, um seinen Springer nach f5 zu
hiefen.} c5 14. Qh3 b4 15. Ne2 Nf6 16. f5 exf5 17. exf5 Bc8 18. Ng3 O-O 19.
Rae1 {Bislang waren bis auf die Frage, ob der Vorstoß e5 oder f5 anzustreben
ist, tatsächlich keine schweren Probleme zu lösen.} Nd5 20. Bh6 Rfe8 21. Nh5 $1
{Die erste Taktik - seit wievielen Zügen hatten Sie dies schon auf der
Rechnung?} Nf6 (21... Bxf5 22. Bxd5 Bxh3 (22... Rxd5 23. Nf6+ $18) 23. Bxf7+
Kh8 24. Bg7#) (21... gxh5 22. Bxd5 Rxd5 23. Qxh5 $18) 22. Ng7 Rf8 23. Re2 {
Ein fast schon anstößig ruhiger Zug!} c4 24. Rfe1 Bc5+ 25. Kh1 Qb6 26. Qh4 Bd4
27. Ne6 $1 {Wenn Sie dies auch gespielt haben, bin ich auf ihre
Vorausberechnung gespannt!} fxe6 28. fxe6 Rfe8 29. e7 Rd6 30. c3 $3 {Sicher,
jeder guter Spieler kann Züge wie 21.Sh5 oder 30.c3 zu finden, obwohl in
beiden Fällen sehr ungewöhnliche Motive auftreten. Um die Extraklasse
Dolmatow's zu würdigen, müssen Sie sich jedoch vergegenwärtigen, daß er diese
Möglichkeiten schon viel früher sehen mußte, als er diese Partie spielte!} bxc3
31. bxc3 Bf5 (31... Bxc3 32. Qxc4+ Kh8 33. Qf7 $18) 32. cxd4 Qxd4 33. Qg3 c3
34. Bf4 $18 Rd7 35. Be5 Qb6 36. Bxc3 Kf7 37. Qh4 h5 38. Re6 $1 1-0

[Event "Olympiad-32"]
[Site "Yerevan"]
[Date "1996.09.18"]
[Round "3.1"]
[White "Shirov, Alexei"]
[Black "Morovic Fernandez, Ivan"]
[Result "1-0"]
[WhiteElo "2685"]
[BlackElo "2590"]
[Annotator "Shirov,A"]
[PlyCount "72"]
[EventDate "1996.09.15"]
[EventType "team-swiss"]
[EventRounds "14"]
[EventCountry "ARM"]
[SourceTitle "CBM 055"]
[Source "ChessBase"]
[SourceDate "1996.12.01"]
[SourceVersion "1"]
[SourceVersionDate "1996.12.01"]
[SourceQuality "1"]
[WhiteTeam "Spain"]
[BlackTeam "Chile"]
[WhiteTeamCountry "ESP"]
[BlackTeamCountry "CHI"]

1. e4 c5 2. Nf3 e6 3. d4 cxd4 4. Nxd4 Nc6 5. Nc3 a6 6. Be2 Qc7 7. O-O Nf6 8.
Kh1 Bb4 9. Nxc6 $5 $146 bxc6 10. f4 d5 (10... Bxc3 11. bxc3 Nxe4 12. Qd4 Nf6
13. Ba3 $44) 11. e5 Bxc3 $1 (11... Nd7 12. Na4 $14) 12. bxc3 Ne4 13. Bd3 c5 $2
(13... Nxc3 14. Qe1 (14. Qg4 $6 O-O $1 (14... g6 15. f5 $5 gxf5 (15... exf5 16.
Qd4 Nb5 17. Qc5 $1 $44) 16. Qg7 Rf8 17. Bg5 $44) 15. Bxh7+ Kxh7 16. Qh3+ Kg8
17. Qxc3 c5 $15) 14... d4 15. Bb2 c5 16. Bxc3 dxc3 17. Rb1 Bb7 18. Rxb7 Qxb7
19. Be4 Qc8 20. Bxa8 Qxa8 21. Qxc3 $10) 14. c4 (14. Qe1 $5 O-O 15. c4 f5 16.
exf6 Nxf6 $14) 14... Nc3 $8 (14... Bb7 $2 15. cxd5 exd5 16. c4 $1 $16) 15. Qe1
d4 $1 16. Bd2 Bb7 17. Bxc3 dxc3 18. Qxc3 O-O 19. Qe1 $1 $14 Rad8 20. Qh4 h6 $1
(20... g6 21. Rae1 Rd4 22. Re3 $16) 21. Rae1 Rd4 22. Re3 f5 $1 23. exf6 Rxf6
24. Qh5 $1 Qf7 $2 (24... Rdxf4 25. Qe8+ Rf8 26. Qxe6+ Kh8 27. Rxf4 (27. Rg1
R4f6 28. Qe5 Qb6 $14) (27. Rfe1 $2 Bxg2+) (27. Ree1 Qc6 28. Qe2 $1 $14 (28.
Qxc6 Rxf1+ 29. Rxf1 Rxf1+ 30. Bxf1 Bxc6 $10)) 27... Qxf4 28. Re1 Qg5 29. Rg1
$14) (24... Qc6 25. Qh3 $14) 25. Qe5 $1 (25. Qxc5 Rdxf4 $132) (25. Qxf7+ Kxf7
$14) 25... Rdxf4 26. Rxf4 Rxf4 27. Kg1 $1 $18 {>< e6,c5,a6} Bc8 (27... Bc6 28.
Qxe6 Rf6 29. Qxf7+ Kxf7 30. Re5 $18) 28. Qxc5 Bd7 29. Qd6 $1 Rf6 30. c5 Qh5 31.
h3 Qd5 32. c4 Qxd6 33. cxd6 Rf8 34. Re5 Rf4 (34... Rc8 35. Ra5 Rc6 36. c5) 35.
Be4 Rf8 36. c5 Rc8 (36... Rc8 37. Bb7 $18) 1-0